Deutsche Heilpraktiker-Zeitschrift: DHZ
| Subtitles: | DHZ |
|---|---|
| Format: | Electronic Journal |
| Language: | German |
| Subito Delivery Service: | Order now. |
| Check availability: | HBZ Gateway |
| WorldCat: | WorldCat |
| Interlibrary Loan: | Für eine Fernleihe wählen Sie bitte zuerst einen Band oder Aufsatz aus. |
| Published: |
Stuttgart
Thieme
2006-
|
| In: | Year: 2006 |
| Volumes / Articles: | Show volumes/articles. |
| Further subjects: | B
Journal
|
| Online Access: |
Volltext (Frontdoor-Url) Volltext (Resolving-System) Volltext (Publisher) |
MARC
| LEADER | 00000cas a2200000 c 4500 | ||
|---|---|---|---|
| 001 | 523195753 | ||
| 003 | DE-627 | ||
| 005 | 20251223212710.0 | ||
| 007 | cr ||||||||||| | ||
| 008 | 070124c20069999gw b| p|o 0 |0ger c | ||
| 015 | |a 19,O01 |2 dnb | ||
| 016 | 7 | |a 982724616 |2 DE-101 | |
| 016 | 7 | |a 2266301-0 |2 DE-600 | |
| 022 | |a 1862-2275 | ||
| 024 | 7 | |a 10.1055/s-00000135 |2 doi | |
| 035 | |a (DE-627)523195753 | ||
| 035 | |a (DE-576)294347895 | ||
| 035 | |a (DE-599)ZDB2266301-0 | ||
| 035 | |a (OCoLC)1368836806 | ||
| 040 | |a DE-627 |b ger |c DE-627 |e rakwb | ||
| 041 | |a ger | ||
| 044 | |c XA-DE | ||
| 082 | 0 | |a 615.53505 |q SEPA | |
| 082 | 0 | 4 | |a 610 |q DE-101 |
| 082 | 0 | 4 | |a 610 |q DE-600 |
| 084 | |a 44.98 |2 bkl | ||
| 222 | 0 | |a Deutsche Heilpraktiker-Zeitschrift | |
| 245 | 0 | 0 | |a Deutsche Heilpraktiker-Zeitschrift |b DHZ |
| 246 | 3 | 3 | |a DHZ |
| 264 | 3 | 1 | |a Stuttgart |b Thieme |c 2006- |
| 300 | |a Online-Ressource | ||
| 336 | |a Text |b txt |2 rdacontent | ||
| 337 | |a Computermedien |b c |2 rdamedia | ||
| 338 | |a Online-Ressource |b cr |2 rdacarrier | ||
| 362 | 0 | |a 1.2006- | |
| 363 | 0 | 1 | |a 1 |i 2006 |
| 500 | |a Gesehen am 17.04.14 | ||
| 583 | 1 | |a Archivierung/Langzeitarchivierung gewährleistet |2 pdager |5 DE-101 | |
| 591 | |a C!URL-Ä(17-04-14) | ||
| 601 | |a Deutsche | ||
| 655 | 7 | |a Zeitschrift |0 (DE-588)4067488-5 |0 (DE-627)10454466X |0 (DE-576)20917000X |2 gnd-content | |
| 776 | 1 | |x 1862-2267 | |
| 856 | 4 | 0 | |u https://doi.org/10.1055/s-00000135 |x Resolving-System |7 1 |
| 856 | 4 | 0 | |u https://www.thieme-connect.de/products/ejournals/journal/10.1055/s-00000135 |x Verlag |7 1 |
| 856 | 4 | 0 | |u https://ezb.ur.de/?2266301-0 |x Frontdoor-Url |7 1 |
| 936 | b | k | |a 44.98 |j Alternativmedizin |0 (DE-627)106409956 |
| 951 | |a JT | ||
| ACO | |a 1 | ||
| ELC | |a 1 | ||
| ORI | |a SA-MARC-ixtheob001.raw | ||
| REL | |a 1 | ||
| SPR | |a 1 |t IXT |t REL | ||
| SUB | |a REL | ||